000 00436nam a2200181Ia 4500
005 20240823063133.0
008 240823s9999||||xx |||||||||||||| ||und||
041 _aENGLISH
082 _A621.381 N6
100 _aJain R P
245 0 _aDigital Electronics and Microprocessors
250 _a1st
260 _c1996
_b"TMH,New Delhi"
500 _aTransfered
650 _aDigital
_bInstrumentation
942 _cBK
999 _c237531
_d237531